000 00369nam a2200157Ia 4500
008 230312s9999||||xx |||||||||||||| ||und||
020 _a8120320832
082 _a338
_bKOT-M
100 _aKotler,Philip
245 0 _aMarketing Management
260 _bPrentice hall
_aIndia
_c2003
300 _a130
546 _aEng.
650 _aManagement
_vStrategies
942 _cBK
999 _c6216
_d6216